Ortega y Gasset: su persona y su doctrina

Salvato in:
Dettagli Bibliografici
Autore principale: Iriarte, Joaquín (Autore)
Natura: Libro
Lingua:spagnolo
Pubblicazione: Madrid Razón y Fé 1942
Soggetti:
Tags: Aggiungi Tag
Nessun Tag, puoi essere il primo ad aggiungerne!!

MARC

LEADER 00000nam a2200000 a 4500
001 UCZ3111
003 CL-VaPUC
005 20221118181554.0
008 951020e19420000SP |||||||||||||||||spa|d
999 |c 239631  |d 239629 
040 |c Pontificia Universidad Católica de Valparaíso 
082 0 4 |a 196.1  |b IRI  |2 21 
100 |a Iriarte, Joaquín  |e author  |9 347871 
245 1 0 |a Ortega y Gasset: su persona y su doctrina 
260 |a Madrid  |b Razón y Fé  |c 1942 
300 |a 293 p 
583 |a last modification  |c 19951020 00:00:00  |k Rodrigo Vera 
600 0 |a Ortega y Gasset, José,  |d 1883-1955  |x Crítica e interpretación   |9 878506 
650 0 |a Filosofía española   |9 254895 
650 0 |a Biografías  |9 255210 
942 |c BK  |2 ddc 
945 |d 19951020 00:00:00  |a rbrito 
952 |0 0  |1 0  |4 0  |6 196_100000000000000_IRI_1942  |7 0  |8 P  |9 250903  |a BIBEDU  |b BIBEDU  |c BIBEDU_PB  |d 2019-11-18  |i 3127222  |o 196.1 IRI 1942  |p 3127222  |r 2024-01-25  |w 2019-11-18  |y BK  |k FIL